| 000 | 00981cam a22002897i 4500 | ||
|---|---|---|---|
| 001 | 22826972 | ||
| 003 | OSt | ||
| 005 | 20251014112133.0 | ||
| 008 | 221012s2023 paua b 001 0 eng | ||
| 020 | _a9781611977349 (hardback) | ||
| 040 |
_aDLC _beng _erda _cNUST _dNUST |
||
| 050 | 0 | 0 | _aQA871 OLI |
| 100 | 1 |
_aOliveira, Tiago Roux, _eauthor. |
|
| 245 | 1 | 0 |
_aExtremum seeking through delays and PDEs / _cTiago Roux Oliveira |
| 260 |
_aPhiladelphia : _bSIAM, _c©2023. |
||
| 300 |
_axviii, 442 pages : _billustrations (some color) ; _c26 cm. |
||
| 336 |
_atext _btxt _2rdacontent |
||
| 337 |
_aunmediated _bn _2rdamedia |
||
| 338 |
_avolume _bnc _2rdacarrier |
||
| 504 | _aIncludes bibliographical references and index. | ||
| 650 | 0 | _aAdaptive control systems. | |
| 650 | 0 | _aMathematical optimization. | |
| 650 | 0 | _aDifferential equations, Partial. | |
| 650 | 0 | _aGame theory. | |
| 700 | 1 |
_aKrstić, Miroslav, _eauthor. |
|
| 942 |
_2lcc _n0 _cREF _hQA871 OLI _kQA _mOLI |
||
| 999 |
_c172469 _d172469 |
||